| 000 | 00329nam a22001337a 4500 | ||
|---|---|---|---|
| 008 | 170511b xxu||||| |||| 00| 0 eng d | ||
| 020 | _a9781568024486 | ||
| 041 | _aeng | ||
| 080 |
_25 ED _a34 |
||
| 100 | _a15 | ||
| 101 | _aSHJ | ||
| 245 |
_aCONGRESSIONAL PROCEDURES AND THE POLICY PROCESS _cOLESZEK.J |
||
| 942 |
_2udc _cBK |
||
| 999 |
_c13120 _d13120 |
||